[Event "Bjelovar op"]
[Site "Bjelovar"]
[Date "2017.08.03"]
[Round "2"]
[White "Rozic, Marijan"]
[Black "Lalic, Bogdan"]
[Result "0-1"]
[WhiteElo "2038"]
[BlackElo "2438"]
[PlyCount "36"]
[EventDate "2017.08.03"]
[EventType "swiss"]
[EventRounds "7"]
[EventCountry "CRO"]
[SourceTitle "CBM 180 Extra"]
[Source "ChessBase"]
[SourceDate "2017.10.06"]
[SourceVersion "1"]
[SourceVersionDate "2017.10.06"]
[SourceQuality "1"]

1. e4 c5 2. Nf3 e6 3. d4 cxd4 4. Nxd4 g6 5. Bc4 b5 6. Bb3 Bb7 7. Qe2 Bc5 8. c3 Nc6 9. Be3 Qb6 10. Nxc6 Bxe3 11. Ne5 Bf4 12. Nxf7 Kxf7 13. Qf3 g5 14. h4 Nf6 15. Bc2 Raf8 16. g3 Bc1 17. hxg5 Bxg5 18. 0-0 Ke7 0-1

[Event "CRO-chT2 Center 23rd"]
[Site "Grubisno Polje"]
[Date "2014.10.26"]
[Round "11.2"]
[White "Hladnic, Emanuel"]
[Black "Rozic, Marijan"]
[Result "1-0"]
[WhiteElo "1843"]
[BlackElo "2046"]
[PlyCount "93"]
[EventDate "2014.03.02"]
[EventType "team-match"]
[EventRounds "11"]
[EventCountry "CRO"]
[SourceTitle "EXT 2016"]
[Source "ChessBase"]
[SourceDate "2015.10.08"]
[SourceVersion "1"]
[SourceVersionDate "2015.10.08"]
[SourceQuality "1"]

1. Nf3 g6 2. e4 Bg7 3. d4 d6 4. Bc4 c6 5. Nc3 Nd7 6. Ng5 d5 7. exd5 Nb6 8. Qf3 Nf6 9. dxc6 Nxc4 10. cxb7 Bxb7 11. Qxb7 0-0 12. 0-0 Qxd4 13. Qxe7 Rae8 14. Qc7 Rc8 15. Qg3 Rfe8 16. a4 Nh5 17. Qf3 Ne5 18. Qe4 Ng4 19. Qxd4 Bxd4 20. Nge4 f5 21. h3 fxe4 22. hxg4 Nf6 23. Nb5 Bc5 24. Be3 Nxg4 25. Bxc5 Rxc5 26. c3 Rb8 27. b4 Rc4 28. Rac1 e3 29. fxe3 Nxe3 30. Rfe1 Nd5 31. Red1 Nf4 32. Rd2 Rb6 33. g3 Nh3+ 34. Kg2 Ng5 35. Rd8+ Kg7 36. Rd7+ Kf6 37. Rxa7 Re4 38. Nd4 Rxd4 39. cxd4 Rxb4 40. Rf1+ Ke6 41. d5+ Ke5 42. Re1+ Kd6 43. Ra6+ Kd7 44. d6 Rb2+ 45. Kf1 Rb8 46. Re7+ Kd8 47. Rg7 1-0

[Event "Velika Gorica op 12th"]
[Site "Velika Gorica"]
[Date "2014.08.22"]
[Round "5"]
[White "Kristovic, Marijan"]
[Black "Rozic, Marijan"]
[Result "1/2-1/2"]
[WhiteElo "2341"]
[BlackElo "2062"]
[PlyCount "207"]
[EventDate "2014.08.18"]
[EventType "swiss"]
[EventRounds "9"]
[EventCountry "CRO"]
[SourceTitle "EXT 2015"]
[Source "ChessBase"]
[SourceDate "2014.11.20"]
[SourceVersion "1"]
[SourceVersionDate "2014.11.20"]
[SourceQuality "1"]

1. e4 e5 2. Nf3 Nf6 3. Nxe5 d6 4. Nf3 Nxe4 5. Qe2 Qe7 6. d3 Nf6 7. Bg5 Qxe2+ 8. Bxe2 Be7 9. Nc3 Be6 10. Nd4 Bd7 11. Bf3 Nc6 12. Nxc6 Bxc6 13. Bxc6+ bxc6 14. 0-0-0 Rb8 15. Rde1 Kd7 16. Ne4 Nd5 17. Bxe7 Nxe7 18. Ng5 h6 19. Nf3 Nd5 20. g3 c5 21. a3 Rhe8 22. Rxe8 Rxe8 23. Kd2 Rb8 24. b3 a5 25. Nh4 g6 26. Ng2 a4 27. Rb1 Nb6 28. Ne3 f5 29. h4 d5 30. h5 gxh5 31. Rh1 Ra8 32. bxa4 f4 33. gxf4 Rxa4 34. Rxh5 Rxf4 35. Ke2 c6 36. Rxh6 Na4 37. Rh7+ Kd6 38. Rh4 Nc3+ 39. Kf1 Rf8 40. f4 c4 41. dxc4 d4 42. Rh6+ Kc5 43. Rh5+ Nd5 44. cxd5 Rxf4+ 45. Ke2 dxe3 46. dxc6+ Kxc6 47. Rh1 Rf2+ 48. Kd3 Rd2+ 49. Kc3 Rd7 50. Rh6+ Kc5 51. Rh5+ Kd6 52. a4 Re7 53. Rh1 Kc5 54. Kd3 e2 55. Re1 Kb4 56. Rxe2 Rd7+ 57. Ke3 Kxa4 58. Rd2 Re7+ 59. Kd4 Rd7+ 60. Kc3 Rc7+ 61. Kb2 Rb7+ 62. Kc1 Kb4 63. Rd8 Rc7 64. Kb2 Kc4 65. Rb8 Rc5 66. Rb7 Rc8 67. Rb3 Rh8 68. Rb7 Rh2 69. Rg7 Rf2 70. Rg4+ Kc5 71. Kb3 Rf3+ 72. c3 Rf5 73. Rg8 Rf4 74. Rc8+ Kb5 75. c4+ Kb6 76. Kb4 Rf1 77. Rb8+ Kc6 78. Rc8+ Kb6 79. Rh8 Rb1+ 80. Kc3 Rc1+ 81. Kb3 Kc5 82. Rc8+ Kb6 83. Kb2 Kb7 84. Rc5 Rh1 85. Kc3 Kb6 86. Rb5+ Kc6 87. Re5 Rc1+ 88. Kd3 Rd1+ 89. Kc2 Rh1 90. Re8 Rh3 91. Rc8+ Kd7 92. Rb8 Kc6 93. Rb3 Rxb3 94. Kxb3 Kc5 95. Kc3 Kc6 96. Kd4 Kd6 97. c5+ Kc6 98. Kc4 Kc7 99. Kd5 Kd7 100. c6+ Kc7 101. Kc5 Kc8 102. Kb6 Kb8 103. c7+ Kc8 104. Kc6 1/2-1/2

[Event "Velika Gorica op 12th"]
[Site "Velika Gorica"]
[Date "2014.08.19"]
[Round "2"]
[White "Rozic, Marijan"]
[Black "Stocko, Josip"]
[Result "0-1"]
[WhiteElo "2062"]
[BlackElo "2241"]
[PlyCount "64"]
[EventDate "2014.08.18"]
[EventType "swiss"]
[EventRounds "9"]
[EventCountry "CRO"]
[SourceTitle "EXT 2015"]
[Source "ChessBase"]
[SourceDate "2014.11.20"]
[SourceVersion "1"]
[SourceVersionDate "2014.11.20"]
[SourceQuality "1"]

1. e4 c5 2. Nf3 d6 3. d4 cxd4 4. Nxd4 Nf6 5. Nc3 a6 6. Bc4 e6 7. Bb3 Nbd7 8. 0-0 Nc5 9. Re1 b5 10. Bg5 Bd7 11. f3 Be7 12. Qd2 b4 13. Nd1 Nfxe4 14. fxe4 Bxg5 15. Qxb4 Qc8 16. Nf3 Be7 17. Nf2 0-0 18. Rad1 Qc7 19. Re2 a5 20. Qd4 Rab8 21. Nd3 Nxd3 22. cxd3 a4 23. Rc2 Qa5 24. Bc4 d5 25. Kh1 Bc5 26. Qe5 dxc4 27. dxc4 Bc6 28. Nd4 Qb6 29. Nf3 Rbd8 30. Rf1 Bd4 31. Qf4 Be3 32. Qg4 Qc5 0-1

[Event "Velika Gorica op 11th"]
[Site "Velika Gorica"]
[Date "2013.08.27"]
[Round "7"]
[White "Rozic, Marijan"]
[Black "Lasic, Luka"]
[Result "0-1"]
[WhiteElo "2088"]
[BlackElo "2271"]
[PlyCount "106"]
[EventDate "2013.08.19"]
[EventType "swiss"]
[EventRounds "9"]
[EventCountry "CRO"]
[SourceTitle "CBM 156 Extra"]
[Source "ChessBase"]
[SourceDate "2013.10.22"]
[SourceVersion "1"]
[SourceVersionDate "2013.10.22"]
[SourceQuality "1"]

1. d4 Nf6 2. Nf3 d6 3. c4 Nbd7 4. Nc3 e5 5. e4 Be7 6. Be2 0-0 7. 0-0 Re8 8. dxe5 dxe5 9. Qc2 c6 10. h3 Qc7 11. a3 Nf8 12. b4 a5 13. b5 Ne6 14. Be3 Bc5 15. Qb2 Bxe3 16. fxe3 Nc5 17. Qc2 h6 18. Nh4 Be6 19. Nf5 Bxf5 20. Rxf5 Rad8 21. Raf1 cxb5 22. Rxf6 gxf6 23. Nd5 Rxd5 24. exd5 e4 25. Rxf6 Qe5 26. Rxh6 Qg5 27. Rh5 Qxe3+ 28. Kh1 b4 29. axb4 axb4 30. d6 Ra8 31. Qd1 Ne6 32. Bg4 Qc3 33. Kh2 Qd3 34. Rd5 Qxd1 35. Rxd1 Nc5 36. Rb1 b3 37. Kg3 Ra6 38. d7 Rd6 39. Kf4 Kf8 40. Bf5 Ke7 41. Bxe4 Rd4 42. Ke5 Rxe4+ 43. Kd5 b6 44. Rxb3 Nxb3 45. Kxe4 Kxd7 46. h4 Ke6 47. g4 Nd2+ 48. Kf4 Kf6 49. h5 Nxc4 50. g5+ Kg7 51. Kf5 b5 52. h6+ Kg8 53. Kf6 b4 0-1

[Event "Velika Gorica op 10th"]
[Site "Velika Gorica"]
[Date "2012.08.28"]
[Round "8"]
[White "Rozic, Marijan"]
[Black "Frank, Vladimir"]
[Result "0-1"]
[WhiteElo "2089"]
[BlackElo "2119"]
[PlyCount "62"]
[EventDate "2012.08.20"]
[EventType "swiss"]
[EventRounds "9"]
[EventCountry "CRO"]
[SourceTitle "CBM 150 Extra"]
[Source "ChessBase"]
[SourceDate "2012.10.19"]
[SourceVersion "1"]
[SourceVersionDate "2012.10.19"]
[SourceQuality "1"]

1. d4 Nf6 2. Nf3 b6 3. c4 Bb7 4. Nc3 e6 5. a3 Ne4 6. Qc2 f5 7. Bf4 d6 8. h4 Be7 9. Nxe4 Bxe4 10. Qb3 h6 11. Nd2 Bb7 12. Qg3 Bf6 13. Qg6+ Kf8 14. 0-0-0 Bxd4 15. Qxe6 Qf6 16. Qxf6+ Bxf6 17. Nf3 Nc6 18. h5 Kf7 19. e3 a5 20. Rg1 a4 21. Bd3 Bc8 22. e4 Ra5 23. Bd2 Rc5 24. Be3 fxe4 25. Bxc5 exd3 26. Be3 Bg4 27. Rxd3 Bxh5 28. Rd5 Bxf3 29. gxf3 Ne5 30. f4 Nxc4 31. Bd4 c6 0-1

[Event "CRO-chT2 Center"]
[Site "Zagreb"]
[Date "2012.04.01"]
[Round "5.13"]
[White "Rozic, Marijan"]
[Black "Dugandzic, Boris"]
[Result "0-1"]
[WhiteElo "2110"]
[BlackElo "2241"]
[PlyCount "92"]
[EventDate "2012.03.18"]
[EventType "team-swiss"]
[EventRounds "11"]
[EventCountry "CRO"]
[SourceTitle "EXT 2014"]
[Source "ChessBase"]
[SourceDate "2013.11.20"]
[SourceVersion "1"]
[SourceVersionDate "2013.11.20"]
[SourceQuality "1"]

1. d4 e6 2. Nf3 f5 3. g3 Nf6 4. c4 c6 5. Bg2 d5 6. Nc3 Bd6 7. Ne5 0-0 8. cxd5 exd5 9. Nd3 Ne4 10. f3 Nxc3 11. bxc3 Nd7 12. 0-0 Qe7 13. a4 Nb6 14. Ra2 Be6 15. a5 Nc4 16. Nb2 Nxb2 17. Rxb2 f4 18. gxf4 Bxf4 19. e3 Bd6 20. f4 Rae8 21. e4 dxe4 22. Bxe4 Rf7 23. Qd3 Qh4 24. Qg3 Qxg3+ 25. hxg3 Bc4 26. Re1 Rfe7 27. Bxh7+ Kxh7 28. Rxe7 Rxe7 29. Kf2 Ba3 30. Rc2 Bxc1 31. Rxc1 Re2+ 32. Kf3 Ra2 33. f5 Rxa5 34. Kf4 Kg8 35. g4 Kf7 36. Rh1 Rb5 37. Kg5 a5 38. Rh8 Rd5 39. Kf4 a4 40. g5 Ke7 41. Rh7 Kf8 42. g6 Bd3 43. f6 Bxg6 44. Rxg7 Bf7 45. Rg1 a3 46. Ra1 Ra5 0-1

[Event "CRO-chT2 Center"]
[Site "Croatia"]
[Date "2011.04.03"]
[Round "5.65"]
[White "Rozic, Marijan"]
[Black "Tomasic, Roland"]
[Result "1-0"]
[WhiteElo "2133"]
[BlackElo "2131"]
[PlyCount "120"]
[EventDate "2011.03.20"]
[EventType "team-tourn"]
[EventRounds "11"]
[EventCountry "CRO"]
[SourceTitle "EXT 2014"]
[Source "ChessBase"]
[SourceDate "2013.11.20"]
[SourceVersion "1"]
[SourceVersionDate "2013.11.20"]
[SourceQuality "1"]

1. d4 f5 2. Nf3 Nf6 3. c4 d6 4. Nc3 c6 5. g3 g6 6. Bg2 Bg7 7. 0-0 0-0 8. d5 e5 9. Ng5 h6 10. Nh3 g5 11. f3 f4 12. g4 e4 13. e3 exf3 14. Bxf3 fxe3 15. Bxe3 c5 16. Nf2 Nbd7 17. h3 Ne5 18. Be2 Qe7 19. Qd2 Bd7 20. Rae1 Rae8 21. Nh1 Nh7 22. Ng3 Rxf1+ 23. Kxf1 Nf8 24. Kg2 Nfg6 25. Bf2 Nf4+ 26. Kh2 Qf7 27. Nce4 Bf8 28. Qc2 Be7 29. Rf1 Rf8 30. Be3 Qg7 31. Bxf4 Rxf4 32. Nh5 Qf8 33. Nxf4 gxf4 34. Bf3 Bh4 35. Qe2 a6 36. Nd2 Qg7 37. Qe4 Bg3+ 38. Kh1 h5 39. Qe2 hxg4 40. Bxg4 Bxg4 41. hxg4 Nxg4 42. Qe8+ Kh7 43. Qe4+ Kh8 44. Qe8+ Kh7 45. Qh5+ Kg8 46. Ne4 Nf6 47. Nxf6+ Qxf6 48. Qe2 Qh4+ 49. Kg1 Qg5 50. Qe6+ Kh8 51. Qh3+ Kg7 52. Kg2 Qe5 53. Qg4+ Kf8 54. Qxg3 Qe2+ 55. Rf2 Qe4+ 56. Qf3 Qg6+ 57. Kh2 Qh6+ 58. Qh3 Qf6 59. Qg4 Qh6+ 60. Kg2 Ke8 1-0

[Event "CRO-chT2 Center"]
[Site "Zagreb"]
[Date "2010.10.10"]
[Round "7.24"]
[White "Rozic, Marijan"]
[Black "Ilincic, Pavle"]
[Result "1-0"]
[WhiteElo "2092"]
[BlackElo "2211"]
[PlyCount "71"]
[EventDate "2010.03.21"]
[EventType "team-tourn"]
[EventRounds "11"]
[EventCountry "CRO"]
[SourceTitle "EXT 2012"]
[Source "ChessBase"]
[SourceDate "2011.11.24"]
[SourceVersion "1"]
[SourceVersionDate "2011.11.24"]
[SourceQuality "1"]

1. d4 Nf6 2. c4 e6 3. Nf3 d5 4. g3 Be7 5. Bg2 Nbd7 6. 0-0 0-0 7. b3 c6 8. Nc3 Re8 9. Qc2 Bf8 10. Bb2 g6 11. Rad1 Bg7 12. e4 Nxe4 13. Nxe4 dxe4 14. Qxe4 Qa5 15. Qc2 Nf6 16. Rfe1 Bd7 17. Bc3 Qa3 18. Ne5 Qd6 19. Bd2 Red8 20. Bf4 Qe7 21. d5 cxd5 22. cxd5 Qb4 23. Nxd7 Rxd7 24. dxe6 fxe6 25. Rxe6 Rad8 26. Rxd7 Rxd7 27. Qc8+ Qf8 28. Bxb7 Rd8 29. Qc4 Qf7 30. Bf3 Kh8 31. Kg2 h6 32. Rd6 Qxc4 33. Rxd8+ Qg8 34. Rxg8+ Kxg8 35. Be3 a6 36. Be2 1-0

[Event "Velika Gorica op 9th"]
[Site "Velika Gorica"]
[Date "2010.08.31"]
[Round "9"]
[White "Greb, Nikola"]
[Black "Rozic, Marijan"]
[Result "0-1"]
[WhiteElo "2045"]
[BlackElo "2120"]
[PlyCount "78"]
[EventDate "2010.08.23"]
[EventType "swiss"]
[EventRounds "9"]
[EventCountry "CRO"]
[SourceTitle "CBM 138 Extra"]
[Source "ChessBase"]
[SourceDate "2010.10.29"]
[SourceVersion "1"]
[SourceVersionDate "2010.10.29"]
[SourceQuality "1"]

1. e4 e5 2. Nf3 Nf6 3. d4 Nxe4 4. Bd3 d5 5. dxe5 Be7 6. 0-0 Nc5 7. Nc3 Nxd3 8. Qxd3 c6 9. Nd4 Na6 10. Qg3 g6 11. Bh6 Nc5 12. Rad1 Ne6 13. Nxe6 Bxe6 14. Ne4 Qc7 15. Bg7 Rg8 16. Nf6+ Bxf6 17. Bxf6 c5 18. Qf4 h5 19. b4 b6 20. bxc5 bxc5 21. Qa4+ Bd7 22. Qa3 Be6 23. Rb1 Qc6 24. Rb2 Kd7 25. Rfb1 Rac8 26. Rb7+ Rc7 27. R7b5 d4 28. Qb2 Bc4 29. Rb8 Rxb8 30. Qxb8 Bxa2 31. Rb2 Ke6 32. h3 Bd5 33. f3 c4 34. Qf8 c3 35. Rb8 d3 36. Re8+ Kf5 37. g4+ Kf4 38. Qh6+ Kg3 39. gxh5 Qb6+ 0-1

[Event "Velika Gorica op 9th"]
[Site "Velika Gorica"]
[Date "2010.08.28"]
[Round "6"]
[White "Rozic, Marijan"]
[Black "Jelecevic, Ivo"]
[Result "0-1"]
[WhiteElo "2120"]
[BlackElo "2233"]
[PlyCount "66"]
[EventDate "2010.08.23"]
[EventType "swiss"]
[EventRounds "9"]
[EventCountry "CRO"]
[SourceTitle "CBM 138 Extra"]
[Source "ChessBase"]
[SourceDate "2010.10.29"]
[SourceVersion "1"]
[SourceVersionDate "2010.10.29"]
[SourceQuality "1"]

1. d4 d5 2. Nf3 Nf6 3. c4 c6 4. Nc3 e6 5. g3 dxc4 6. Ne5 Nbd7 7. Nxc4 Be7 8. Bg2 0-0 9. 0-0 a5 10. e4 b5 11. Ne3 b4 12. Na4 Ba6 13. Re1 Rc8 14. b3 Re8 15. Bb2 Bb5 16. Rc1 Bf8 17. Nc5 Nxc5 18. dxc5 Nd7 19. Qh5 Qe7 20. Bd4 g6 21. Qg4 h5 22. Qf3 e5 23. Bb2 Nxc5 24. Nc4 Bg7 25. Bf1 Rcd8 26. Rc2 a4 27. Qe3 axb3 28. axb3 Nd7 29. Na5 Rc8 30. Bxb5 cxb5 31. Nc6 Qd6 32. Rec1 Kh7 33. Nd8 Rcxd8 0-1

[Event "CRO-chT2 Center"]
[Site "Zagreb"]
[Date "2010.03.21"]
[Round "1.34"]
[White "Mihalinec, Damir"]
[Black "Rozic, Marijan"]
[Result "0-1"]
[WhiteElo "2232"]
[BlackElo "2092"]
[PlyCount "84"]
[EventDate "2010.03.21"]
[EventType "team-tourn"]
[EventRounds "11"]
[EventCountry "CRO"]
[SourceTitle "EXT 2012"]
[Source "ChessBase"]
[SourceDate "2011.11.24"]
[SourceVersion "1"]
[SourceVersionDate "2011.11.24"]
[SourceQuality "1"]

1. e4 e5 2. Nf3 Nf6 3. d4 Nxe4 4. Bd3 d5 5. dxe5 Bf5 6. 0-0 Nc6 7. Qe2 Bc5 8. a3 0-0 9. b4 Nd4 10. Qd1 Bb6 11. c3 Ne6 12. Ra2 f6 13. c4 dxc4 14. Bxc4 Kh8 15. Qb3 Nd4 16. Nxd4 Bxd4 17. e6 Nd6 18. Bf4 Nxc4 19. Qxc4 Bd3 20. Qxc7 Qxc7 21. Bxc7 Bxf1 22. Kxf1 Rfe8 23. Rd2 Rac8 24. Rxd4 Rxc7 25. Nd2 Rc1+ 26. Ke2 Rxe6+ 27. Kd3 Kg8 28. Rd7 Ra1 29. Rxb7 Rxa3+ 30. Kc4 Ra2 31. Nb3 Rc2+ 32. Kd3 Rxf2 33. Nc5 Rb6 34. Rxa7 Rxg2 35. h4 h5 36. Ra8+ Kh7 37. b5 Rxb5 38. Ne6 Re5 39. Ra6 Rxe6 40. Rxe6 Rg4 41. Re4 Rxe4 42. Kxe4 Kg6 0-1

[Event "Velika Gorica op 8th"]
[Site "Velika Gorica"]
[Date "2008.08.26"]
[Round "5"]
[White "Rozic, Marijan"]
[Black "Peric, Davor"]
[Result "1-0"]
[WhiteElo "2090"]
[BlackElo "1967"]
[PlyCount "119"]
[EventDate "2008.08.23"]
[EventType "swiss"]
[EventRounds "9"]
[EventCountry "CRO"]
[SourceTitle "CBM 126 Extra"]
[Source "ChessBase"]
[SourceDate "2008.11.05"]
[SourceVersion "1"]
[SourceVersionDate "2008.11.05"]
[SourceQuality "1"]

1. d4 f5 2. Nf3 Nf6 3. Nc3 e6 4. Bg5 Bb4 5. Qd3 0-0 6. a3 Bxc3+ 7. Qxc3 d6 8. e3 Qe7 9. Bd3 Nc6 10. Qb3 Kh8 11. 0-0-0 a5 12. h4 a4 13. Qc3 Qf7 14. h5 Ne4 15. Qe1 Nxg5 16. Nxg5 Qf6 17. f4 e5 18. dxe5 dxe5 19. Bc4 h6 20. Nf3 e4 21. Nd4 Nxd4 22. Rxd4 Be6 23. Bb5 c6 24. Bc4 Bxc4 25. Rxc4 Rfd8 26. Qe2 b5 27. Rb4 Rd6 28. Rd1 Rad8 29. Rxd6 Rxd6 30. c4 Rd3 31. Kb1 Qd6 32. cxb5 Rd1+ 33. Ka2 cxb5 34. Qxb5 Qe6+ 35. Qc4 Qxc4+ 36. Rxc4 Rd2 37. Rxa4 Rd3 38. Ra8+ Kh7 39. Rf8 Rxe3 40. Rxf5 Rg3 41. Re5 Rxg2 42. Rxe4 Rh2 43. Re5 Rh4 44. Rf5 g5 45. fxg5 hxg5 46. Rxg5 Kh6 47. Rc5 Re4 48. Kb3 Rf4 49. a4 Rf3+ 50. Kb4 Rf2 51. b3 Rf4+ 52. Kb5 Rf3 53. b4 Rf8 54. a5 Rb8+ 55. Kc4 Ra8 56. Kd5 Rd8+ 57. Kc6 Rf8 58. b5 Rf6+ 59. Kb7 Rf7+ 60. Kb6 1-0

[Event "Velika Gorica op 7th"]
[Site "Velika Gorica"]
[Date "2007.08.25"]
[Round "9"]
[White "Lasic, Luka"]
[Black "Rozic, Marijan"]
[Result "1-0"]
[WhiteElo "2238"]
[BlackElo "2082"]
[PlyCount "78"]
[EventDate "2007.08.18"]
[EventType "swiss"]
[EventRounds "9"]
[EventCountry "CRO"]
[SourceTitle "CBM 120 Extra"]
[Source "ChessBase"]
[SourceDate "2007.11.01"]
[SourceVersion "1"]
[SourceVersionDate "2007.11.01"]
[SourceQuality "1"]

1. Nf3 Nf6 2. c4 g6 3. b3 Bg7 4. Bb2 d6 5. d4 0-0 6. g3 Nbd7 7. Bg2 c6 8. Qc2 Re8 9. e4 e5 10. d5 Nc5 11. Nfd2 cxd5 12. cxd5 Bd7 13. Nc4 Qe7 14. Nc3 Rec8 15. a4 Rc7 16. Ba3 Rac8 17. Bxc5 Rxc5 18. Qd2 b5 19. axb5 Bxb5 20. Bf1 Bxc4 21. Bxc4 Ne8 22. Nb5 Ra8 23. 0-0 f5 24. f3 a6 25. Nc3 Qb7 26. Qd3 Qc8 27. Na4 fxe4 28. fxe4 Rxc4 29. bxc4 Qg4 30. Qf3 Qxf3 31. Rxf3 Nf6 32. Nb6 Ra7 33. Nc8 Rd7 34. Rxa6 Nxe4 35. Re3 Nd2 36. Nxd6 Bh6 37. Re2 Bg5 38. h4 Nf3+ 39. Kg2 Nd4 1-0

[Event "Velika Gorica op 7th"]
[Site "Velika Gorica"]
[Date "2007.08.20"]
[Round "4"]
[White "Rozic, Marijan"]
[Black "Simic, Marko"]
[Result "1-0"]
[WhiteElo "2082"]
[BlackElo "1907"]
[PlyCount "114"]
[EventDate "2007.08.18"]
[EventType "swiss"]
[EventRounds "9"]
[EventCountry "CRO"]
[SourceTitle "CBM 120 Extra"]
[Source "ChessBase"]
[SourceDate "2007.11.01"]
[SourceVersion "1"]
[SourceVersionDate "2007.11.01"]
[SourceQuality "1"]

1. d4 d5 2. Nf3 Nf6 3. c4 c6 4. Nc3 e6 5. Bg5 Be7 6. e3 0-0 7. Qc2 Nbd7 8. Bd3 dxc4 9. Bxc4 Nd5 10. Bxe7 Qxe7 11. a3 N7f6 12. 0-0 h6 13. Ne4 Nxe4 14. Qxe4 Nf6 15. Qe5 Nd7 16. Qg3 Nf6 17. Rac1 Bd7 18. Bd3 Rac8 19. Rc5 b6 20. Rc2 c5 21. Ba6 Rb8 22. dxc5 bxc5 23. Qc7 Nd5 24. Qa5 Bc8 25. Bd3 Rb7 26. Rfc1 Bd7 27. Ne5 Rfb8 28. Nxd7 Qxd7 29. Qxc5 g6 30. Be4 Rxb2 31. h4 Rxc2 32. Qxc2 Nf6 33. Bf3 Qd6 34. Qa4 a6 35. Rd1 Qb6 36. Qf4 Kg7 37. g4 Rd8 38. Rc1 Qb2 39. Rc7 e5 40. Qc4 Rd7 41. g5 hxg5 42. hxg5 Rxc7 43. gxf6+ Kxf6 44. Qxc7 Qxa3 45. Bd5 Qf8 46. Qc6+ Kg5 47. Qxa6 f5 48. Qa8 Qb4 49. Qd8+ Kh6 50. Qh8+ Kg5 51. Qxe5 Kh6 52. Qf4+ Qxf4 53. exf4 g5 54. Kg2 Kh5 55. Kg3 Kg6 56. fxg5 Kxg5 57. Kf3 Kg6 1-0

[Event "Velika Gorica op 7th"]
[Site "Velika Gorica"]
[Date "2007.08.19"]
[Round "2"]
[White "Rozic, Marijan"]
[Black "Medic, Mirjana"]
[Result "0-1"]
[WhiteElo "2082"]
[BlackElo "2237"]
[PlyCount "74"]
[EventDate "2007.08.18"]
[EventType "swiss"]
[EventRounds "9"]
[EventCountry "CRO"]
[SourceTitle "CBM 120 Extra"]
[Source "ChessBase"]
[SourceDate "2007.11.01"]
[SourceVersion "1"]
[SourceVersionDate "2007.11.01"]
[SourceQuality "1"]

1. Nf3 d5 2. d4 c6 3. e3 Bg4 4. Nbd2 Nf6 5. c3 Nbd7 6. Qa4 Qc7 7. h3 Bh5 8. Nh4 e6 9. g4 Bg6 10. Nxg6 hxg6 11. Bg2 Bd6 12. e4 dxe4 13. Nxe4 Nxe4 14. Bxe4 Bf4 15. Qc2 Nf6 16. Bf3 0-0-0 17. Be3 Nd5 18. Bd2 Bxd2+ 19. Qxd2 Nf4 20. h4 e5 21. 0-0-0 exd4 22. cxd4 Kb8 23. Kb1 Rd7 24. Qc3 Nd5 25. Bxd5 Rxd5 26. Rh3 Rhd8 27. Rf3 f6 28. Qc2 Rxd4 29. Rxd4 Rxd4 30. Qxg6 Qd7 31. Qf5 Qxf5+ 32. Rxf5 Rxg4 33. h5 Rh4 34. Kc2 Kc7 35. b4 b6 36. b5 cxb5 37. Rxb5 Rf4 0-1

[Event "Velika Gorica op 5th"]
[Site "Velika Gorica"]
[Date "2005.08.25"]
[Round "7"]
[White "Pandurevic, Miro"]
[Black "Rozic, Marijan"]
[Result "1-0"]
[WhiteElo "2253"]
[BlackElo "2109"]
[PlyCount "69"]
[EventDate "2005.08.20"]
[EventType "swiss"]
[EventRounds "9"]
[EventCountry "CRO"]
[SourceTitle "CBM 108 Extra"]
[Source "ChessBase"]
[SourceDate "2005.11.04"]
[SourceVersion "1"]
[SourceVersionDate "2005.11.04"]
[SourceQuality "1"]

1. e4 e5 2. Nf3 Nf6 3. Nxe5 d6 4. Nf3 Nxe4 5. Bd3 Nc5 6. Be2 d5 7. 0-0 Bd6 8. d4 Ne6 9. c4 dxc4 10. Bxc4 0-0 11. Nc3 Nf4 12. Ne4 Bg4 13. Qb3 Nc6 14. Neg5 Nxd4 15. Qxb7 Nxf3+ 16. Nxf3 Qf6 17. Re1 Rab8 18. Qe4 Nh3+ 19. Kf1 Bxf3 20. Qxf3 Qxf3 21. gxf3 Nf4 22. Re4 Ng6 23. Be3 Ne5 24. Be2 Rxb2 25. Bd4 Nxf3 26. Bxf3 Rb4 27. Bxa7 Rxe4 28. Bxe4 Bxh2 29. Bc5 Re8 30. Bc6 Re5 31. Re1 Rxe1+ 32. Kxe1 Be5 33. Kd2 Bd6 34. Bxd6 cxd6 35. a4 1-0

[Event "Velika Gorica op 5th"]
[Site "Velika Gorica"]
[Date "2005.08.23"]
[Round "5"]
[White "Ivekovic, Mario"]
[Black "Rozic, Marijan"]
[Result "1-0"]
[WhiteElo "2326"]
[BlackElo "2109"]
[PlyCount "91"]
[EventDate "2005.08.20"]
[EventType "swiss"]
[EventRounds "9"]
[EventCountry "CRO"]
[SourceTitle "CBM 108 Extra"]
[Source "ChessBase"]
[SourceDate "2005.11.04"]
[SourceVersion "1"]
[SourceVersionDate "2005.11.04"]
[SourceQuality "1"]

1. g3 Nf6 2. Bg2 g6 3. d3 d5 4. Nd2 Bg7 5. e4 Nc6 6. Ngf3 dxe4 7. dxe4 0-0 8. 0-0 e5 9. b3 Qe7 10. c3 Rd8 11. Qc2 Ne8 12. Nc4 f6 13. Ba3 Qf7 14. Rad1 Be6 15. Ne3 a5 16. Rxd8 Rxd8 17. Rd1 Bf8 18. Bxf8 Qxf8 19. Rxd8 Nxd8 20. Qd3 Nc6 21. Nd5 Kg7 22. Bf1 Qf7 23. Nd2 Nd6 24. Bg2 Qd7 25. Nc4 Nc8 26. Qf3 Qd8 27. g4 b5 28. Na3 Nd6 29. Qd3 b4 30. Nc2 Bxg4 31. cxb4 axb4 32. Ndxb4 Qa8 33. a4 Nxb4 34. Nxb4 Qa5 35. Nc2 f5 36. h3 fxe4 37. Bxe4 Bf5 38. Bxf5 gxf5 39. Ne3 f4 40. Nf5+ Nxf5 41. Qxf5 Qd5 42. b4 Qd1+ 43. Kh2 Qe2 44. Qg4+ Qxg4 45. hxg4 e4 46. a5 1-0

[Event "Velika Gorica op 4th"]
[Site "Velika Gorica"]
[Date "2004.08.26"]
[Round "7"]
[White "Kosanski, Stanko"]
[Black "Rozic, Marijan"]
[Result "1-0"]
[WhiteElo "2366"]
[BlackElo "2120"]
[PlyCount "101"]
[EventDate "2004.08.21"]
[EventType "swiss"]
[EventRounds "9"]
[EventCountry "CRO"]
[SourceTitle "EXT 2005"]
[Source "ChessBase"]
[SourceDate "2004.11.15"]
[SourceVersion "1"]
[SourceVersionDate "2004.11.15"]
[SourceQuality "1"]

1. e4 e5 2. Bc4 Nf6 3. d3 c6 4. Bb3 d5 5. Nd2 Bg4 6. Ngf3 Nbd7 7. h3 Be6 8. 0-0 Qc7 9. Re1 Bd6 10. d4 0-0-0 11. c3 Nxe4 12. Nxe4 dxe4 13. Ng5 h6 14. Nxe6 fxe6 15. Bxe6 Kb8 16. Bxd7 Rxd7 17. Rxe4 exd4 18. cxd4 Qb6 19. Qg4 Rhd8 20. b3 Qa5 21. Qe2 Bc7 22. Bd2 Qf5 23. Bc3 Bb6 24. Rd1 g5 25. Re6 h5 26. Qe5+ Qxe5 27. Rxe5 Rd5 28. Rde1 Bc7 29. Rxd5 Rxd5 30. Re8+ Rd8 31. Re4 a5 32. Kf1 b5 33. Bd2 Rd5 34. Be3 Kb7 35. Ke2 Ka6 36. Re6 Kb6 37. a4 Bd8 38. Rg6 Be7 39. Kd3 Kc7 40. Ke4 Kd7 41. g3 Rd6 42. Rxd6+ Kxd6 43. f4 gxf4 44. gxf4 Ke6 45. Bf2 Bd6 46. Bh4 Bc7 47. Bg5 Bd6 48. f5+ Kd7 49. d5 bxa4 50. bxa4 c5 51. Kd3 1-0